000
00433nam a2200145Ia 4500
008
100204s9999 xx 000 0 und d
082
_b
11666
100
_a
देशपांडे शशिकांत
245
_a
तृषार्त
260
_b
"अंजली प्रकाशन, पुणे"
_c
1988
300
_a
124
630
_a
तृषार्त
730
_a
तृषार्त
942
_c
BOOK
999
_c
456102
_d
456099